Hlučné ticho

Bibliographic Details
Main Authors: Füle, Ján (Author), Kováč, Michal (Author), Gašparovič, Ivan, 1941- (Author), Mečiar, Vladimír, 1942- (Author)
Format: Article
Language:Slovak
Subjects:

MARC

LEADER 00000nab a2200000 a 4500
001 vtls000557820
003 SK-MaSNL
005 20260426072658.0
008 150501c1995 xo 0 slo
015 |a SNBRB19rr/mm-uuuuu 
035 |a CL0557958 
040 |a SNKBUCL  |b slo  |c SNKBUCL  |e AACR2 
041 0 |a slo 
044 |a xo  |c SK 
080 |a 323(437.6)  |2 1981 
100 1 |a Füle, Ján  |4 aut  |9 536342 
245 1 0 |a Hlučné ticho  |c Ján Füle 
650 0 7 |a vnútorná politika  |2 snkbucl  |9 970 
651 7 |a Slovensko  |2 snkbucl  |9 14231 
655 7 |a články z novín a časopisov  |2 snkbucl  |9 267496 
700 1 |a Kováč, Michal  |4 aut  |9 265919 
700 1 |a Gašparovič, Ivan,  |d 1941-  |4 aut  |9 189874 
700 1 |a Mečiar, Vladimír,  |d 1942-  |4 aut  |9 10144 
773 0 |t Národná obroda  |g Roč. 6, č. 192 (18. 8. 1995), s. 3 
850 |a Slovenská národná knižnica v Martine  |a MTA001 
852 |a SNK  |b KIS3GCP 
958 |a RK 
958 |a SK 
992 |a RBX 
999 |c 2691070  |d 2693000